[Event "US op 122nd"]
[Site "Rancho Mirage"]
[Date "2022.07.30"]
[Round "1"]
[White "Naroditsky, Daniel"]
[Black "Kodihalli, Kaustubh"]
[Result "1-0"]
[WhiteElo "2617"]
[BlackElo "1422"]
[PlyCount "55"]
[EventDate "2022.07.30"]
[EventType "swiss"]
[EventRounds "9"]
[EventCountry "USA"]
[SourceTitle "CBM 209 Extra"]
[Source "ChessBase"]
[SourceDate "2022.09.30"]
[SourceVersion "1"]
[SourceVersionDate "2022.09.30"]
[SourceQuality "1"]

1. d4 d5 2. c4 c6 3. Nf3 Nf6 4. Nc3 e6 5. g3 Bd6 6. Bg2 Nbd7 7. 0-0 0-0 8. Nd2 Re8 9. e4 dxe4 10. Ndxe4 Nxe4 11. Nxe4 Be7 12. Bf4 Nf6 13. Nc3 Bd6 14. Be5 Qc7 15. f4 Rd8 16. c5 Bxe5 17. fxe5 Nd5 18. Qh5 Nxc3 19. bxc3 b6 20. Rf4 Ba6 21. Bf1 Bxf1 22. Raxf1 Rf8 23. Rh4 h6 24. Rg4 Kh8 25. Rf6 Kh7 26. Rxg7+ Kxg7 27. Qxh6+ Kg8 28. Qg5+ 1-0